| 000 -LEADER |
| fixed length control field |
01673 a2200253 4500 |
| 003 - CONTROL NUMBER IDENTIFIER |
| control field |
Nust |
| 005 - DATE AND TIME OF LATEST TRANSACTION |
| control field |
20240601112222.0 |
| 010 ## - LIBRARY OF CONGRESS CONTROL NUMBER |
| LC control number |
98046602 |
| 020 ## - INTERNATIONAL STANDARD BOOK NUMBER |
| International Standard Book Number |
9781260011463 |
| 040 ## - CATALOGING SOURCE |
| Transcribing agency |
Nust |
| 082 00 - DEWEY DECIMAL CLASSIFICATION NUMBER |
| Classification number |
519.5,SPI |
| 100 1# - MAIN ENTRY--PERSONAL NAME |
| Personal name |
Spiegel, Murray R. |
| 245 10 - TITLE STATEMENT |
| Title |
Schaum's outline Statistics / |
| Statement of responsibility, etc. |
Murray R. Spiegel & :arry J. Stephens |
| 250 ## - EDITION STATEMENT |
| Edition statement |
6th ed. / |
| 260 ## - PUBLICATION, DISTRIBUTION, ETC. |
| Place of publication, distribution, etc. |
New York : |
| Name of publisher, distributor, etc. |
McGraw-Hill, |
| Date of publication, distribution, etc. |
c2018 |
| 300 ## - PHYSICAL DESCRIPTION |
| Extent |
xvii, 579 p. : |
| Other physical details |
ill. ; |
| Dimensions |
28 cm. |
| 490 0# - SERIES STATEMENT |
| Series statement |
Schaum's outline series |
| 505 ## - FORMATTED CONTENTS NOTE |
| Formatted contents note |
Variables and Graphs Chapter (Page-1), Frequency Distributions (Page-36), The Mean, Median, Mode, and Other Measures of Central Tendency (Page-61), The Standard Deviation and other Measures of Dispersion (Page-95), Moments, Skewness, and Kurtosis (Page-123), Elementary Probability Theory (Page-139), The Binomial, Normal, and Poisson Distributions (Page-172), Elementary Sampling Theory (Page-203), Statistical Estimation Theory (Page-227), Statistical Decision Theory (Page-245), Small Sampling Theory (Page-275) ,The Chi-Square Test (Page-294), Curve Fitting and the Method of Least Squares (Page-316), Correlation Theory (Page-345), Multiple and Partial Correlation (Page-382), Analysis of Variance (Page-403), Nonparametric Tests (Page-446), Statistical Process Control and Process Capability Answers to Supplementary Problems (Page-480). |
| 650 #0 - SUBJECT ADDED ENTRY--TOPICAL TERM |
| Topical term or geographic name entry element |
Statistics |
| General subdivision |
Problems, exercises, etc. |
| 9 (RLIN) |
88327 |
| 700 1# - ADDED ENTRY--PERSONAL NAME |
| Personal name |
Stephens, Larry J. |
| 856 42 - ELECTRONIC LOCATION AND ACCESS |
| Materials specified |
Contributor biographical information |
| Uniform Resource Identifier |
<a href="http://www.loc.gov/catdir/bios/mh041/98046602.html">http://www.loc.gov/catdir/bios/mh041/98046602.html</a> |
| 856 42 - ELECTRONIC LOCATION AND ACCESS |
| Materials specified |
Publisher description |
| Uniform Resource Identifier |
<a href="http://www.loc.gov/catdir/description/mh023/98046602.html">http://www.loc.gov/catdir/description/mh023/98046602.html</a> |
| 942 ## - ADDED ENTRY ELEMENTS (KOHA) |
| Source of classification or shelving scheme |
|
| Koha item type |
Book |